Instrumentation for process flow engineering

Saved in:
Bibliografiske detaljer
Main Authors: Cheremisinoff, Nicholas Paul (Author), Cheremisinoff, Paul N (Author)
Format: Bog
Sprog:engelsk
Udgivet: Lancaster Technomic 1987
Fag:
Tags: Tilføj Tag
Ingen Tags, Vær først til at tagge denne postø!

MARC

LEADER 00000nam a2200000 a 4500
001 UCV3672
003 CL-VaPUC
008 900820e19870000US |||||||||||||||||eng|d
082 0 4 |a 620.1064  |b CHE  |2 21 
100 0 |a Cheremisinoff, Nicholas Paul  |e author  |9 297960 
700 0 |a Cheremisinoff, Paul N  |e author  |9 297961 
245 1 0 |a Instrumentation for process flow engineering 
300 |a 234 p 
942 |c BK 
945 |d 19900820 00:00:00 
260 |a Lancaster  |b Technomic  |c 1987 
650 7 |a DINAMICA DE FLUIDOS MEDICIONES  |2 CL-VaPUC  |9 259495 
583 |a last modification  |c 19900820 00:00:00  |k Rodrigo Vera 
999 |c 210817  |d 210815 
952 |0 0  |1 0  |4 0  |6 620_106400000000000_CHE_1987  |7 0  |8 A  |9 187665  |a BIBALI  |b BIBALI  |c GEN  |d 2019-11-14  |i 2552493  |o 620.1064 CHE 1987  |p 2552493  |r 2025-01-20  |w 2019-11-14  |y BK  |k ALI